[Event "Botvinnik EMT Gruppe 1 2004"]
[Site "Skovlunde"]
[Date "2004.11.29"]
[Round "7"]
[White "Petersen, Steen Brustrup"]
[Black "Skovgaard, Peter Nicolai"]
[Result "1/2-1/2"]
[WhiteElo "2138"]
[BlackElo "2084"]
[PlyCount "76"]
[EventDate "2004.??.??"]

1. e4 c5 2. Nf3 e6 3. d4 cxd4 4. Nxd4 a6 5. Bd3 Bc5 6. Nb3 Be7 7. c4 d6 8. Nc3
b6 9. Be3 Nd7 10. f4 Bb7 11. Qe2 Ngf6 12. O-O-O Qc7 13. Kb1 O-O-O 14. c5 Nxc5
15. Nxc5 dxc5 16. Bxa6 Kb8 17. Bxb7 Qxb7 18. Bf2 h5 19. Rhe1 Rhe8 20. Bg3 h4
21. Bf2 g6 22. g4 hxg3 23. hxg3 Rh8 24. Rxd8+ Bxd8 25. Rd1 Be7 26. e5 Nd5 27.
Nxd5 exd5 28. e6 Bf6 29. g4 d4 30. f5 gxf5 31. Bg3+ f4 32. Bxf4+ Kc8 33. exf7
Qxf7 34. g5 Bg7 35. Qe4 Qb7 36. Qe6+ Qd7 37. Qe4 Qb7 38. Qe6+ Qd7 1/2-1/2

[Event "Botvinnik EMT Gruppe 1 2004"]
[Site "Skovlunde"]
[Date "2004.11.29"]
[Round "7"]
[White "Peschardt, Soren"]
[Black "Schou Moldt, Thomas"]
[Result "1-0"]
[WhiteElo "2167"]
[BlackElo "2171"]
[PlyCount "121"]
[EventDate "2004.??.??"]

1. d4 Nf6 2. c4 d6 3. Nf3 Nbd7 4. g3 e5 5. Bg2 c6 6. O-O Be7 7. Qc2 O-O 8. Nc3
Re8 9. b3 Bf8 10. Rd1 Qa5 11. Bb2 e4 12. Nd2 e3 13. fxe3 Rxe3 14. Nf1 Re8 15.
e4 Qh5 16. Re1 g6 17. Ne2 Bg7 18. Nf4 Qa5 19. Re2 Ng4 20. h3 Nh6 21. Kh2 Nf8
22. Rae1 Bd7 23. Bc3 Qg5 24. Nd2 Rac8 25. Nf3 Qd8 26. d5 Be5 27. Nxe5 dxe5 28.
Nd3 f6 29. Rf1 cxd5 30. exd5 b5 31. c5 b4 32. Bxb4 Bb5 33. Re3 Nf5 34. Rxf5
gxf5 35. Qf2 Ne6 36. Qxf5 Nd4 37. Qg4+ Kh8 38. Qd1 a5 39. Ba3 Nf5 40. Re1 Rg8
41. g4 Nh4 42. Be4 h5 43. Qd2 Rg5 44. Qf2 Ng6 45. Bc1 Bxd3 46. Bxg5 fxg5 47.
Bxd3 Nf4 48. Bf5 Rc7 49. Rxe5 Rg7 50. Qe3 Qf6 51. Re8+ Rg8 52. Qe5 Qxe5 53.
Rxe5 hxg4 54. hxg4 Kg7 55. d6 Kf6 56. Re1 Rh8+ 57. Kg1 Rh3 58. d7 Rg3+ 59. Kf2
Rg2+ 60. Kf3 Rd2 61. c6 1-0